000
00281nam a22000857a 4500
999
_c
504310
_d
504310
100
_a
Mehta, Aasha Kapur
_9
272
245
_a
Election to the 12th lok sabha: a gender based analysis
_b
by Aasha Kapur Mehta
260
_a
New Delhi
_b
Indian Institute of Public Administration
300
_a
18p.